00874 a2200205 4500003000500000005001700005020001800022040000900040082001400049100002600063245007100089250001200160260004800172300000900220505022400229650006300453942001200516999001900528952012100547Nust20230113160833.0 a0-574-21129-2 cNust a651.8,DOC aDock,V.Thomas9106811 aPrinciples of business data processing with BASIC /bThomas,V.Dock a3rd ed. aChicagobScience research assosiatesc1978. a503p aSome Fundamentals of Data Processing (Page- 3), Computer systems (Page-101), Computer programming and design (Page-257), Overview of systems (Page -341), Data processing management and the computer industry (Page-385). aPrinciples of business data processing with BASIC.9106812 2ddccBK c214787d214787 00102ddc4070aMCSbMCScGENd2016-12-12o651.8,DOCpMCS245r2016-12-08w2016-12-12yBKzAlmirah No.42, Shelf No.3